000 00816cam a22002651 4500
001 sa 65007901
003 DLC
005 20260227112152.0
008 880118s1964 ii 000 0 eng
010 _asa 65007901
025 _aPL480:I-E-4221
035 _a(OCoLC)17355148
040 _aDLC
_cWaU
_dDLC
042 _apremarc
050 0 0 _aKNS1750
_b.G76 1964
100 1 _aGrover, Verinder.
245 1 3 _aAn introduction to Indian constitution and administration,
_cby Verinder Grover and Parkash Arora.
250 _a[1st ed.]
260 _aNew Delhi,
_bAshoo Publications
_c[1964]
300 _aii, 130, 92 p.
_c22 cm.
650 0 _aConstitutional law
_zIndia.
650 0 _aAdministrative law
_zIndia.
700 1 _aArora, Parkash,
_ejoint author.
740 0 _aIndian constitution and administration.
999 _c65433
_d65433